<?xml version="1.0" encoding="UTF-8"?>
<record
    xmlns:xsi="http://www.w3.org/2001/XMLSchema-instance"
    xsi:schemaLocation="http://www.loc.gov/MARC21/slim http://www.loc.gov/standards/marcxml/schema/MARC21slim.xsd"
    xmlns="http://www.loc.gov/MARC21/slim">

  <leader>01308nam a2200325 a 4500</leader>
  <controlfield tag="008">951121s1987||||[C               0  slo c</controlfield>
  <datafield tag="020" ind1=" " ind2=" ">
    <subfield code="c">12 K&#x10D;s. </subfield>
    <subfield code="q">(15000 v&#xFD;tl.)</subfield>
  </datafield>
  <datafield tag="040" ind1=" " ind2=" ">
    <subfield code="a">SNK</subfield>
    <subfield code="b">slo</subfield>
    <subfield code="c">SNK</subfield>
    <subfield code="e">AACR2</subfield>
  </datafield>
  <datafield tag="041" ind1="1" ind2=" ">
    <subfield code="a">slo</subfield>
    <subfield code="h">cze</subfield>
  </datafield>
  <datafield tag="044" ind1=" " ind2=" ">
    <subfield code="a">xo</subfield>
    <subfield code="c">SK</subfield>
  </datafield>
  <datafield tag="080" ind1=" " ind2=" ">
    <subfield code="a">141.82</subfield>
  </datafield>
  <datafield tag="245" ind1="1" ind2="0">
    <subfield code="a">Z&#xE1;klady vedeck&#xE9;ho komunizmu</subfield>
    <subfield code="b">&#x160;tudijn&#xE9; texty pre posluch&#xE1;&#x10D;ov &#xFA;tvaru stran&#xED;ckeho vzdel&#xE1;vania &#x160;kola z&#xE1;kladov marxizmu-leninizmu ; Ladislav Tom&#xE1;&#x161;ek, Ivan Hr+uza, Jozef Hrabina, Franti&#x161;ek &#x10C;ih&#xE1;k, Karel Nes&#xE1;zal, Anton&#xED;n Kopeck&#xFD;, Jind&#x159;ich Pravda, Franti&#x161;ek P&#x159;ikryl, Vladim&#xED;r Bi&#x13E;o, Elena Urbancov&#xE1;, Marta Jav+urkov&#xE1;, Katar&#xED;na Rabatinov&#xE1;</subfield>
  </datafield>
  <datafield tag="250" ind1=" " ind2=" ">
    <subfield code="a">2., dopl. vyd.</subfield>
  </datafield>
  <datafield tag="260" ind1=" " ind2=" ">
    <subfield code="a">Bratislava</subfield>
    <subfield code="b">Pravda</subfield>
    <subfield code="c">1987</subfield>
    <subfield code="e">&#x17D;ilina</subfield>
    <subfield code="f">Pravda</subfield>
  </datafield>
  <datafield tag="300" ind1=" " ind2=" ">
    <subfield code="a">207 s., 11,72 AH</subfield>
    <subfield code="b">Sch.</subfield>
    <subfield code="c">20 cm</subfield>
  </datafield>
  <datafield tag="500" ind1=" " ind2=" ">
    <subfield code="a">Lit. 224. 224 z&#xE1;zn. v slov. a &#x10D;e&#x161;.</subfield>
  </datafield>
  <datafield tag="700" ind1="1" ind2=" ">
    <subfield code="a">Tom&#xE1;&#x161;ek, Ladislav</subfield>
    <subfield code="4">aut</subfield>
  </datafield>
  <datafield tag="700" ind1="1" ind2=" ">
    <subfield code="a">Hr+uza, Ivan</subfield>
    <subfield code="4">aut</subfield>
  </datafield>
  <datafield tag="700" ind1="1" ind2=" ">
    <subfield code="a">Hrabina, Jozef</subfield>
    <subfield code="4">aut</subfield>
  </datafield>
  <datafield tag="700" ind1="1" ind2=" ">
    <subfield code="a">&#x10C;ih&#xE1;k, Franti&#x161;ek</subfield>
    <subfield code="4">aut</subfield>
  </datafield>
  <datafield tag="700" ind1="1" ind2=" ">
    <subfield code="a">Nes&#xE1;zal, Karel</subfield>
    <subfield code="4">aut</subfield>
  </datafield>
  <datafield tag="700" ind1="1" ind2=" ">
    <subfield code="a">Kopeck&#xFD;, Anton&#xED;n</subfield>
    <subfield code="4">aut</subfield>
  </datafield>
  <datafield tag="700" ind1="1" ind2=" ">
    <subfield code="a">Pravda, Jind&#x159;ich</subfield>
    <subfield code="4">aut</subfield>
  </datafield>
  <datafield tag="700" ind1="1" ind2=" ">
    <subfield code="a">P&#x159;ikryl, Franti&#x161;ek</subfield>
    <subfield code="4">aut</subfield>
  </datafield>
  <datafield tag="700" ind1="1" ind2=" ">
    <subfield code="a">Bi&#x13E;o, Vladim&#xED;r</subfield>
    <subfield code="4">trl</subfield>
  </datafield>
  <datafield tag="700" ind1="1" ind2=" ">
    <subfield code="a">Urbancov&#xE1;, Elena</subfield>
    <subfield code="4">trl</subfield>
  </datafield>
  <datafield tag="700" ind1="1" ind2=" ">
    <subfield code="a">Jav+urkov&#xE1;, Marta</subfield>
    <subfield code="4">trl</subfield>
  </datafield>
  <datafield tag="700" ind1="1" ind2=" ">
    <subfield code="a">Rabatinov&#xE1;, Katar&#xED;na</subfield>
    <subfield code="4">trl</subfield>
  </datafield>
  <datafield tag="958" ind1=" " ind2=" ">
    <subfield code="a">A</subfield>
  </datafield>
  <datafield tag="999" ind1=" " ind2=" ">
    <subfield code="c">15503</subfield>
    <subfield code="d">15503</subfield>
  </datafield>
  <datafield tag="952" ind1=" " ind2=" ">
    <subfield code="0">1</subfield>
    <subfield code="1">0</subfield>
    <subfield code="4">0</subfield>
    <subfield code="7">0</subfield>
    <subfield code="8">K</subfield>
    <subfield code="a">10000</subfield>
    <subfield code="b">10000</subfield>
    <subfield code="d">2019-11-29</subfield>
    <subfield code="g">12.00</subfield>
    <subfield code="i">14527</subfield>
    <subfield code="o">K 080</subfield>
    <subfield code="r">2019-11-29</subfield>
    <subfield code="w">2019-11-29</subfield>
    <subfield code="y">OLDO</subfield>
  </datafield>
</record>
